| 000 | 00508nam a22001817a 4500 | ||
|---|---|---|---|
| 005 | 20130814112315.0 | ||
| 010 | _aENG-107792 | ||
| 020 |
_a9789382536246 _c200.00 |
||
| 035 | _aEN-91325 | ||
| 037 | _bDBAD/PUB | ||
| 082 | _aN | ||
| 100 | _aBose, Nandita | ||
| 245 |
_aThe perfume of promise / _cby Nandita Bose |
||
| 260 |
_aNew Delhi _bLiFi Publications _c2013 |
||
| 270 |
_a211, 2nd Floor, Gagandeep 12, Rajendra Place _bNew Delhi _e110008 |
||
| 300 |
_aix,203p. _c21cm(pbk) |
||
| 942 |
_2ddc _cEN _mBOS _hN |
||
| 999 |
_c77067 _d77067 |
||